Du hành khám phá đất Phương Nam (Đất nước con người)

Nam bộ hơn 300 năm về trước là một vùng đồng lầy hoang hóa, nước ngập lưu niên! Người ta gọi Nam bộ thời ấy là Thủy Chân Lạp.

Đã lưu trong:
Chi tiết về thư mục
Tác giả chính: Đặng Hoàng Thám
Định dạng: Sách
Ngôn ngữ:Vietnamese
Được phát hành: H. Hồng Đức 2023
Những chủ đề:
Các nhãn: Thêm thẻ
Không có thẻ, Là người đầu tiên thẻ bản ghi này!
Thư viện lưu trữ: Thư viện Trường Đại học Nam Cần Thơ
LEADER 01338nam a22002177a 4500
001 NCT_4_007307
008 240506b xxu||||| |||| 00| 0 vie d
999 |c 8269  |d 8269 
020 |a 9786044761381  |c 96000 
082 0 4 |2 23rd ed.  |a 959.7  |b Th104 
100 1 |a Đặng Hoàng Thám 
245 1 0 |a Du hành khám phá đất Phương Nam  |b (Đất nước con người)  |c Đặng Hoàng Thám 
260 |a H.  |b Hồng Đức  |c 2023 
300 |a 239tr.  |c 21 cm 
520 3 |a Nam bộ hơn 300 năm về trước là một vùng đồng lầy hoang hóa, nước ngập lưu niên! Người ta gọi Nam bộ thời ấy là Thủy Chân Lạp. 
653 |a Quản trị Dịch vụ Du lịch và Lữ hành 
942 |2 ddc  |c BK 
952 |0 0  |1 0  |2 ddc  |4 0  |6 959_700000000000000_TH104  |7 0  |9 28837  |a 000001  |b 000001  |d 2024-05-06  |o 959.7 Th104  |p MD.22372  |r 2024-05-06  |v 96000.00  |w 2024-05-06  |y BK 
952 |0 0  |1 0  |2 ddc  |4 0  |6 959_700000000000000_TH104  |7 0  |9 28838  |a 000001  |b 000001  |d 2024-05-06  |l 2  |o 959.7 Th104  |p MD.22373  |r 2025-11-05  |s 2025-11-01  |v 96000.00  |w 2024-05-06  |y BK 
952 |0 0  |1 0  |2 ddc  |4 0  |6 959_700000000000000_TH104  |7 0  |9 28839  |a 000001  |b 000001  |d 2024-05-06  |l 1  |m 1  |o 959.7 Th104  |p MD.22374  |r 2025-03-05  |s 2025-02-07  |v 96000.00  |w 2024-05-06  |y BK 
980 |a Thư viện Trường Đại học Nam Cần Thơ